Antimikrobiálna profylaxia v gynekológii a pôrodníctve

Bibliographic Details
Main Author: Lukačín, Štefan, 1940- (Author)
Format: Article
Language:Slovak
Subjects:

MARC

LEADER 00000nab a2200000 a 4500
001 vtls000624191
003 SK-MaSNL
005 20260304035743.0
008 140302c1997 xo 0 slo
015 |a SNBRB19rr/mm-uuuuu 
035 |a CL0624330 
040 |a SNKBUCL  |b slo  |c SNKBUCL  |e AACR2 
041 0 |a slo 
044 |a xo  |c SK 
080 |a 618.1-089:615.33  |2 1981 
080 |a 615.33  |2 1981 
080 |a 618.2  |2 1981 
100 1 |a Lukačín, Štefan,  |d 1940-  |4 aut  |9 14544 
245 1 0 |a Antimikrobiálna profylaxia v gynekológii a pôrodníctve  |c Štefan Lukačín 
650 0 7 |a gynekológia  |2 snkbucl  |9 2474 
650 0 7 |a pôrodníctvo  |2 snkbucl  |9 2475 
650 0 7 |a infekcie pooperačné  |2 snkbucl  |9 1320006 
650 0 7 |a antibiotiká  |2 snkbucl  |9 2424 
655 7 |a články z novín a časopisov  |2 snkbucl  |9 267496 
773 0 |t Zdravotnícke noviny  |g Roč. 2, č. 20 (1997) 
773 0 |t [Príl.] Lekárske listy  |g Č. 20 (1997), s. 7 a 9 
850 |a Slovenská národná knižnica v Martine  |a MTA001 
852 |a SNK  |b KIS3GCP 
958 |a ME 
958 |a RK 
992 |a RBX 
999 |c 2659607  |d 2661537